Love kills /
| Main Author: | |
|---|---|
| Format: | Book |
| Published: |
New York:
Pocket Books,
2007.
|
| Subjects: |
| LEADER | 00529cam a2200205 7i4500 | ||
|---|---|---|---|
| 001 | 0000010203 | ||
| 005 | 20151104090000.0 | ||
| 005 | ##20151104112000.0 | ||
| 003 | ##MY-KlINT | ||
| 020 | # | # | |a 9781416525837 |
| 020 | # | # | |a 1416525831 |
| 039 | # | 9 | |y 201511041120 |z VLOAD |
| 090 | 0 | 0 | |a F |b BUC |
| 100 | 1 | # | |a Buchanan, Edna |
| 245 | 1 | 0 | |a Love kills / |c Edna Buchanan. |
| 260 | # | # | |a New York: |b Pocket Books, |c 2007. |
| 300 | # | # | |a 330 p; |c 17cm. |
| 650 | # | 0 | |a Fiction, English |
| 650 | # | 0 | |a Fiction |
| 999 | |a 0000063562 |b BOOK |c Main Non-Fiction |e INTAN BK | ||